[Event "Sundsvall op"]
[Site "Sundsvall"]
[Date "2020.01.05"]
[Round "5"]
[White "Ornmark, Lucas"]
[Black "Lindberg, Angelica"]
[Result "0-1"]
[WhiteElo "1141"]
[BlackElo "1381"]
[PlyCount "58"]
[EventDate "2020.01.04"]
[EventType "swiss"]
[EventRounds "8"]
[EventCountry "SWE"]
[SourceTitle "EXT 2021"]
[Source "ChessBase"]
[SourceDate "2020.10.23"]
[SourceVersion "1"]
[SourceVersionDate "2020.10.23"]
[SourceQuality "1"]

1. e4 e5 2. Nf3 Nc6 3. d4 exd4 4. Nxd4 Bc5 5. Nb3 Bb6 6. Nc3 Nge7 7. Bc4 0-0 8. 0-0 d6 9. Re1 a6 10. Bg5 Be6 11. Bxe7 Nxe7 12. Nd5 Nxd5 13. exd5 Bd7 14. Qe2 Qf6 15. c3 Bb5 16. Bxb5 axb5 17. Rf1 c6 18. a3 Rfe8 19. Qd3 Re5 20. dxc6 bxc6 21. Rad1 d5 22. Qh3 Re2 23. Rb1 Rxf2 24. Rxf2 Qxf2+ 25. Kh1 Re8 26. g3 Re1+ 27. Rxe1 Qxe1+ 28. Kg2 Qf2+ 29. Kh1 Qg1# 0-1

[Event "Stockholm Cramling op"]
[Site "Stockholm"]
[Date "2018.09.01"]
[Round "1"]
[White "Mariano, Christine Rose"]
[Black "Lindberg, Angelica"]
[Result "1-0"]
[WhiteElo "1906"]
[BlackElo "1349"]
[PlyCount "51"]
[EventDate "2018.09.01"]
[EventType "swiss"]
[EventRounds "7"]
[EventCountry "SWE"]
[SourceTitle "CBM 186 Extra"]
[Source "ChessBase"]
[SourceDate "2018.08.24"]
[SourceVersion "1"]
[SourceVersionDate "2018.08.24"]
[SourceQuality "1"]

1. e4 e5 2. d3 Nc6 3. Ne2 Bc5 4. g3 d6 5. Bg2 h6 6. 0-0 Nf6 7. h3 0-0 8. Kh2 Re8 9. Nbc3 Be6 10. f4 Nd4 11. f5 Nxe2 12. fxe6 Nxc3 13. exf7+ Kxf7 14. bxc3 Ke7 15. d4 Bb6 16. Ba3 Kd7 17. Qd3 Kc8 18. Rad1 Kb8 19. dxe5 Nd7 20. exd6 c6 21. c4 Re5 22. Bb2 Nc5 23. Qe2 Rxe4 24. Bxe4 Qe8 25. Bxg7 Qxe4 26. Rf8+ 1-0